| 000 | 00427nam a2200145Ia 4500 | ||
|---|---|---|---|
| 008 | 231129s2003||||xx |||||||||||||| ||spa|| | ||
| 020 | _a84-206-3909-5 | ||
| 040 | _bspa | ||
| 082 | _a612.67 M827s | ||
| 100 | _aMora Francisco | ||
| 245 | 0 | _aEl sueƱo de la inmortalidad. Envejecimiento cerebral: Dogmas y esperanzas | |
| 260 | _c2003 | ||
| 264 | _aAlianza Editorial | ||
| 942 |
_2ddc _cBKS |
||
| 999 |
_c12485 _d12485 |
||